[Event "Igualada op 15th"]
[Site "Igualada"]
[Date "2020.01.25"]
[Round "3"]
[White "Pons Martos, Josep"]
[Black "Torres Valenzuela, Manuel"]
[Result "1-0"]
[WhiteElo "1906"]
[BlackElo "1630"]
[PlyCount "82"]
[EventDate "2020.01.11"]
[EventType "swiss"]
[EventRounds "8"]
[EventCountry "ESP"]
[SourceTitle "CBM 195 Extra"]
[Source "ChessBase"]
[SourceDate "2020.05.31"]
[SourceVersion "1"]
[SourceVersionDate "2020.05.31"]
[SourceQuality "1"]

1. c4 f5 2. Nf3 d6 3. g3 g6 4. Bg2 Bg7 5. Nc3 Nc6 6. d3 e5 7. Bd2 Nf6 8. Qc1 0-0 9. Bh6 Qe8 10. Bxg7 Kxg7 11. 0-0 h6 12. Nd5 Qf7 13. Ne1 Nd4 14. Qd2 c6 15. Nc3 g5 16. b4 a6 17. Rb1 f4 18. Nf3 Nxf3+ 19. Bxf3 Bh3 20. Bg2 Qh5 21. f3 fxg3 22. hxg3 Bxg2 23. Kxg2 Qg6 24. Ne4 Nxe4 25. dxe4 Qe6 26. Rbc1 Rf6 27. Rh1 Rh8 28. Qe3 g4 29. Rh4 gxf3+ 30. exf3 Rg6 31. Qd2 Qf6 32. Rh3 Rf8 33. Rc3 Rf7 34. Rd3 Qf4 35. Qxf4 Rxf4 36. g4 Rf8 37. Rh5 Rff6 38. c5 Re6 39. Kg3 Kf7 40. Rf5+ Kg7 41. Kf2 Rg5 1-0